[Event "ICS rated blitz match"]
[Site "204.178.125.65"]
[Date "2000.08.23"]
[Round "?"]
[White "MissSilicon"]
[Black "Hossa"]
[Result "1/2-1/2"]
[WhiteElo "2748"]
[BlackElo "2523"]
[PlyCount "222"]
[EventDate "2000.??.??"]

1. e4 e5 2. Nf3 Nc6 3. Bc4 Bc5 4. c3 Nf6 5. d4 exd4 6. cxd4 Bb4+ 7. Bd2 Bxd2+
8. Nbxd2 d5 9. exd5 Nxd5 10. Qb3 Na5 11. Qa4+ Nc6 12. Bb5 Bd7 13. O-O O-O 14.
Qc4 Nb6 15. Qc3 Re8 16. Rfe1 Qf6 17. Ne4 Qf5 18. Nc5 Rxe1+ 19. Rxe1 Be8 20. a4
Nd5 21. Qc1 Nce7 22. Nxb7 Bxb5 23. axb5 Qd7 24. Qc4 Nb6 25. Qe2 Ng6 26. Nc5 Qg4
27. h3 Qf4 28. Qc2 Rb8 29. Na6 Rc8 30. Qc6 Nf8 31. Qb7 Ne6 32. Nc5 Qd6 33. Nxe6
fxe6 34. Qe4 g6 35. Ng5 Nd5 36. Nxe6 Re8 37. Qe5 Qd7 38. g3 Nb4 39. Qe2 Qd5 40.
b3 c6 41. Qc4 Qxc4 42. bxc4 cxb5 43. cxb5 Nc2 44. Rc1 Na3 45. Nc7 Re2 46. d5
Rd2 47. Ra1 Rd3 48. Kf1 Kf7 49. Ke2 Rb3 50. d6 Nxb5 51. d7 Nd4+ 52. Kf1 Ke7 53.
Rxa7 Nc6 54. d8=Q+ Nxd8 55. Nd5+ Kd6 56. Rxh7 Rb1+ 57. Kg2 Kxd5 58. Rd7+ Ke6
59. Rxd8 Kf6 60. Rd6+ Kf7 61. f4 Rb2+ 62. Kf3 Rb3+ 63. Kg4 Rb5 64. h4 Rh5 65.
Kf3 Ra5 66. Rd3 Rh5 67. Ke4 Ke6 68. Rc3 Kd6 69. Rb3 Kc7 70. Rf3 Rf5 71. g4 Rf8
72. f5 Re8+ 73. Kf4 gxf5 74. gxf5 Re1 75. f6 Kd7 76. Kf5 Ke8 77. h5 Kf7 78. Rf2
Rh1 79. Kg5 Rg1+ 80. Kh6 Re1 81. Rf5 Rg1 82. Rf4 Rh1 83. Rf3 Rd1 84. Kg5 Re1
85. Rf5 Rg1+ 86. Kh4 Rh1+ 87. Kg4 Rg1+ 88. Kh3 Rb1 89. Rf4 Rb6 90. h6 Rb8 91.
Kg4 Kg6 92. Rf3 Kxh6 93. Kf5 Rb5+ 94. Ke6 Rb6+ 95. Kd5 Rb8 96. Kd6 Kg6 97. f7
Kg7 98. Rf2 Kf8 99. Kc7 Rb5 100. Rf4 Rc5+ 101. Kd6 Rg5 102. Rf2 Rg6+ 103. Kd5
Rg5+ 104. Ke6 Rh5 105. Rc2 Rh6+ 106. Kf5 Kxf7 107. Rc7+ Kg8 108. Rd7 Rh4 109.
Kg5 Rh3 110. Kg6 Rg3+ 111. Kf5 Rh3 1/2-1/2

[Event "ICS rated blitz match"]
[Site "204.178.125.65"]
[Date "2000.08.23"]
[Round "?"]
[White "Hossa"]
[Black "Amateur"]
[Result "0-1"]
[WhiteElo "2532"]
[BlackElo "2468"]
[PlyCount "116"]
[EventDate "2000.??.??"]

1. e4 e5 2. Nf3 Nc6 3. Bb5 a6 4. Ba4 Nf6 5. O-O b5 6. Bb3 Bc5 7. a4 Bb7 8. d3
O-O 9. a5 Qe7 10. c3 h6 11. Nh4 Qd8 12. Ng6 Re8 13. Be3 Bxe3 14. fxe3 Na7 15.
Nh4 d5 16. exd5 Bxd5 17. Bxd5 Qxd5 18. Nf5 Re6 19. e4 Qc5+ 20. Rf2 Rd8 21. b4
Qf8 22. Qf3 c5 23. bxc5 Qxc5 24. Qg3 Ne8 25. d4 exd4 26. cxd4 Qc7 27. Qxc7 Nxc7
28. Nd2 Ne8 29. d5 Re5 30. Rc1 h5 31. Rf4 Nf6 32. Nh6+ Kf8 33. Rc7 Re7 34. Rxe7
Kxe7 35. e5 gxh6 36. Rxf6 Rxd5 37. Nf3 Rc5 38. Nd4 Rc4 39. Nf5+ Kd8 40. Rd6+
Kc7 41. Rxa6 Nc6 42. Nd6 Rc1+ 43. Kf2 b4 44. Nxf7 b3 45. Rb6 Nxa5 46. Rb5 Rc2+
47. Kf3 b2 48. e6 Rc3+ 49. Kf2 Nb3 50. e7 b1=Q 51. e8=Q Qa2+ 52. Qe2 Qa7+ 53.
Rb6 Qxb6+ 54. Kf1 Rc1+ 55. Qd1 Rxd1+ 56. Ke2 Re1+ 57. Kxe1 Qe3+ 58. Kf1 Nd2# {
Hossa checkmated} 0-1

[Event "ICS rated standard match"]
[Site "204.178.125.65"]
[Date "2000.08.23"]
[Round "?"]
[White "PostModernist"]
[Black "Hossa"]
[Result "1-0"]
[WhiteElo "2357"]
[BlackElo "2376"]
[PlyCount "153"]
[EventDate "2000.??.??"]

1. d4 e6 2. Nf3 d5 3. Bg5 f6 4. Bf4 Ne7 5. Nc3 Nbc6 6. Nb5 e5 7. dxe5 Ng6 8.
Be3 a6 9. Nc3 Bb4 10. exf6 Qxf6 11. Bd2 Be6 12. a3 Be7 13. Bg5 Qf7 14. e3 O-O
15. Bxe7 Ngxe7 16. Qd2 Rad8 17. Bd3 Qh5 18. O-O-O Bg4 19. Be2 b5 20. h3 Bc8 21.
Nd4 Qg6 22. Nxc6 Qxc6 23. Bf3 Be6 24. h4 a5 25. Qd4 Qd7 26. e4 c6 27. exd5 Nxd5
28. Rhe1 Qc8 29. Nxd5 cxd5 30. Rxe6 Rxf3 31. Rb6 Rf5 32. Rxb5 Qa6 33. a4 Qh6+
34. Kb1 Qa6 35. g4 Rff8 36. Rxd5 Rc8 37. Rd7 Qg6 38. Rd3 Kh8 39. Rc3 Rxc3 40.
bxc3 h5 41. gxh5 Rb8+ 42. Kc1 Qg1+ 43. Qd1 Qxd1+ 44. Rxd1 Rc8 45. Kb2 Rb8+ 46.
Ka2 Rc8 47. Kb3 Rb8+ 48. Kc4 Rc8+ 49. Kb5 Rxc3 50. Rd6 Rxc2 51. h6 Rxf2 52.
hxg7+ Kxg7 53. Rd5 Kf7 54. Kxa5 Ke6 55. Rb5 Rf4 56. h5 Rh4 57. h6 Kd6 58. Rb4
Rh1 59. Rb7 Kc5 60. h7 Rh4 61. Rc7+ Kd6 62. Rg7 Kc6 63. Rf7 Rh1 64. Ka6 Rh4 65.
a5 Rh5 66. Rb7 Rh2 67. Ka7 Kd5 68. a6 Kc6 69. Kb8 Rh4 70. a7 Rh2 71. a8=Q Kc5
72. Qa5+ Kd6 73. Rb6+ Ke7 74. Qe5+ Kf8 75. Qf6+ Ke8 76. Re6+ Kd7 77. Qe7# {
Hossa checkmated} 1-0

[Event "ICS rated standard match"]
[Site "204.178.125.65"]
[Date "2000.08.23"]
[Round "?"]
[White "Hossa"]
[Black "Farnum"]
[Result "1-0"]
[WhiteElo "2359"]
[BlackElo "2118"]
[PlyCount "111"]
[EventDate "2000.??.??"]

1. e4 e5 2. Nf3 Nc6 3. Bb5 a6 4. Bxc6 dxc6 5. O-O Qd6 6. Re1 f6 7. d4 Bg4 8.
dxe5 fxe5 9. h3 Bh5 10. Qxd6 cxd6 11. Ng5 Ke7 12. Be3 h6 13. Nf3 Bxf3 14. gxf3
g5 15. Nd2 Nf6 16. Nc4 Rd8 17. Rad1 Ke6 18. Bb6 Rd7 19. Kh2 Be7 20. Rd3 Nh5 21.
Be3 Rf8 22. Bd2 Nf4 23. Bxf4 Rxf4 24. Kg2 Rf8 25. Ne3 d5 26. Ng4 d4 27. Nxh6 c5
28. b3 b5 29. Rb1 c4 30. bxc4 bxc4 31. Rd2 c3 32. Rd3 Ba3 33. Rb6+ Rd6 34. Rb7
Rd7 35. Rb3 Bb2 36. Nf5 Rxf5 37. Rb6+ Rd6 38. exf5+ Ke7 39. Rxd6 Kxd6 40. Rd1
Ke7 41. f4 gxf4 42. Kf3 Kf6 43. Ke4 Ba3 44. Rg1 Bd6 45. Rg6+ Ke7 46. Rg7+ Kf6
47. Ra7 d3 48. Kxd3 Kxf5 49. f3 Bb4 50. Rxa6 Kg5 51. Ke4 Bc5 52. Kxe5 Be3 53.
Rf6 Kh4 54. Rxf4+ Kxh3 55. Rc4 Bd2 56. a4 {Farnum resigns} 1-0

[Event "ICS rated blitz match"]
[Site "204.178.125.65"]
[Date "2000.08.23"]
[Round "?"]
[White "Amateur"]
[Black "Hossa"]
[Result "0-1"]
[WhiteElo "2496"]
[BlackElo "2513"]
[PlyCount "138"]
[EventDate "2000.??.??"]

1. e4 e5 2. Nf3 Nc6 3. Nc3 Nf6 4. Bb5 Bb4 5. O-O O-O 6. d3 Bxc3 7. bxc3 d6 8.
Bxc6 bxc6 9. Be3 c5 10. Rb1 Be6 11. Rb2 Rb8 12. Rxb8 Qxb8 13. Qa1 Ng4 14. Bg5
f5 15. Be7 fxe4 16. dxe4 Re8 17. Bh4 Qb5 18. Ng5 Bc4 19. a4 Qc6 20. Re1 Nf6 21.
f3 Rb8 22. a5 Qb5 23. Rc1 Qb2 24. Kf2 Qxa1 25. Rxa1 Rb2 26. Rc1 h6 27. Nh3 Kf7
28. Ke3 Ra2 29. Nf2 g5 30. Bg3 Nh5 31. Ng4 Nxg3 32. hxg3 h5 33. Nh6+ Kg6 34.
Nf5 Rxa5 35. Rb1 Be6 36. Ne7+ Kf6 37. Nd5+ Bxd5 38. exd5 Ra2 39. Kd2 c4 40. Rb7
Ra5 41. Rxc7 Rxd5+ 42. Ke2 a5 43. Rxc4 Rc5 44. Rxc5 dxc5 45. c4 a4 46. Kd3 g4
47. Kc3 Kf5 48. Kb2 gxf3 49. gxf3 e4 50. fxe4+ Kxe4 51. Ka3 Kd4 52. Kxa4 Kxc4
53. Ka5 Kc3 54. Kb5 Kxc2 55. Kxc5 Kd3 56. Kb4 Ke4 57. Kc4 Kf3 58. Kd3 Kxg3 59.
Ke2 Kg2 60. Ke3 h4 61. Ke4 h3 62. Ke3 h2 63. Kf4 h1=Q 64. Ke4 Qd1 65. Ke3 Qd5
66. Kf4 Kf2 67. Kg4 Qe5 68. Kh4 Kf3 69. Kh3 Qh5# {Amateur checkmated} 0-1

[Event "ICS rated blitz match"]
[Site "204.178.125.65"]
[Date "2000.08.23"]
[Round "?"]
[White "Hossa"]
[Black "Amateur"]
[Result "1/2-1/2"]
[WhiteElo "2528"]
[BlackElo "2481"]
[PlyCount "169"]
[EventDate "2000.??.??"]

1. e4 e5 2. Nf3 Nc6 3. Bb5 a6 4. Bxc6 dxc6 5. O-O f6 6. d4 exd4 7. Nxd4 c5 8.
Nb3 Qxd1 9. Rxd1 Bg4 10. f3 Be6 11. Bf4 c4 12. Nd4 O-O-O 13. Nc3 Bc5 14. Be3
Bf7 15. Nf5 Bxe3+ 16. Nxe3 Ne7 17. a4 Rd7 18. Rxd7 Kxd7 19. Rd1+ Kc6 20. Kf2
Re8 21. h3 Kc5 22. g3 b5 23. axb5 axb5 24. Ne2 b4 25. c3 b3 26. g4 Nc6 27. Nf4
Ne5 28. Kg2 c6 29. h4 g6 30. Rd4 h6 31. Rd1 g5 32. hxg5 hxg5 33. Ne2 Nd3 34.
Rd2 Ra8 35. Ng3 Bg6 36. Ne2 Ra2 37. Nd1 Ra8 38. Ne3 Ra1 39. Nd4 Nf4+ 40. Kh2
Rb1 41. Kg3 Rh1 42. Ng2 Rh3+ 43. Kf2 Nd3+ 44. Kg1 Bh7 45. Kf1 Bg8 46. Ne3 Kb6
47. Kg2 Nf4+ 48. Kg1 Bf7 49. Nef5 c5 50. Ne2 Nxe2+ 51. Rxe2 Rxf3 52. Rf2 Rxf2
53. Kxf2 Kc6 54. Kf3 Kd7 55. Ke2 Bg6 56. Kf3 Bxf5 57. exf5 Kc6 58. Kg2 Kb7 59.
Kf2 Kc7 60. Ke2 Kb7 61. Kf2 Kc8 62. Ke3 Kc7 63. Ke2 Kc6 64. Ke3 Kd7 65. Kf3 Kd6
66. Ke2 Kc7 67. Kf2 Kd6 68. Ke2 Ke7 69. Kf3 Kd7 70. Kf2 Kc6 71. Kg2 Kb5 72. Kf2
Kb6 73. Kf3 Kc6 74. Kg2 Kd6 75. Kf3 Ke5 76. Ke3 Kd6 77. Kf3 Kd5 78. Ke3 Kc6 79.
Ke4 Kd6 80. Kf3 Kd7 81. Kf2 Kc6 82. Kg2 Kb5 83. Kf2 Kb6 84. Kf3 Kc6 85. Kg2
1/2-1/2

[Event "ICS rated blitz match"]
[Site "204.178.125.65"]
[Date "2000.08.23"]
[Round "?"]
[White "Amateur"]
[Black "Hossa"]
[Result "1-0"]
[WhiteElo "2483"]
[BlackElo "2526"]
[PlyCount "99"]
[EventDate "2000.??.??"]

1. e4 e5 2. Nf3 Nc6 3. Bb5 a6 4. Ba4 Nf6 5. O-O b5 6. Bb3 Bc5 7. a4 Bb7 8. d3
O-O 9. Nc3 b4 10. Nd5 h6 11. Be3 Bxe3 12. Nxe3 d6 13. Nd5 Bc8 14. Qd2 Rb8 15.
Ne3 Be6 16. Bxe6 fxe6 17. c3 Qd7 18. Qc2 d5 19. Rac1 b3 20. Qe2 Qf7 21. d4 exd4
22. Nxd4 Nxd4 23. cxd4 Nxe4 24. f3 Ng5 25. f4 Ne4 26. Qxa6 Ra8 27. Qc6 Qf6 28.
Rcd1 Rfd8 29. Qxc7 Rxa4 30. Ng4 Qf8 31. Ne5 Qe8 32. f5 exf5 33. Rxf5 Nd6 34.
Rf4 Nb5 35. Qc5 g6 36. Rf6 Rxd4 37. Rxd4 Qxe5 38. Rdf4 g5 39. Rf2 Rb8 40. Qc6
Nd4 41. Rg6+ Kh8 42. Rxh6+ Kg8 43. Qg6+ Qg7 44. Qd6 Qb7 45. Qe5 Ne2+ 46. Kh1
Nf4 47. Qh8+ Kf7 48. Rf6+ Ke7 49. Qg7+ Ke8 50. Rf8# {Hossa checkmated} 1-0

[Event "ICS rated blitz match"]
[Site "204.178.125.65"]
[Date "2000.08.23"]
[Round "?"]
[White "PostModernist"]
[Black "Hossa"]
[Result "0-1"]
[WhiteElo "2681"]
[BlackElo "2501"]
[PlyCount "112"]
[EventDate "2000.??.??"]

1. e4 e5 2. Bc4 Nf6 3. d3 Nc6 4. Nf3 Bc5 5. O-O d6 6. c3 O-O 7. h3 Be6 8. Bb5
a6 9. Bxc6 bxc6 10. Bg5 h6 11. Bh4 Bb6 12. Nbd2 g5 13. Bg3 Nh5 14. Bh2 Nf4 15.
Bxf4 gxf4 16. a4 Qf6 17. a5 Ba7 18. Qa4 Bd7 19. d4 Qg7 20. Kh1 Kh8 21. dxe5 Rg8
22. Nh4 dxe5 23. Qc4 f6 24. Rad1 Be8 25. Ndf3 Bh5 26. Qd3 Bf7 27. Ne1 Bb3 28.
Nf5 Qg5 29. Rd2 Be6 30. Ne7 Rg7 31. Nxc6 f3 32. g3 Rd7 33. Qxd7 Bxd7 34. Rxd7
Bxf2 35. Rd3 Bxe1 36. Rdxf3 Qd2 37. Ne7 Rb8 38. b4 Qe2 39. Rxf6 Bd2 40. h4 Re8
41. Ng6+ Kg7 42. R1f5 Qxe4+ 43. Kh2 Bxc3 44. Rf7+ Kg8 45. b5 axb5 46. a6 Qa4
47. Kh3 Qxa6 48. Ne7+ Rxe7 49. Rxe7 Qc8 50. g4 Qd8 51. Ref7 Bd2 52. R7f6 Bf4
53. Rxf4 exf4 54. Rxf4 Qd3+ 55. Kg2 b4 56. Rf2 Qd4 0-1

[Event "ICS Rated blitz match"]
[Site "204.178.125.65"]
[Date "2000.08.23"]
[Round "?"]
[White "Hossa"]
[Black "PostModernist"]
[Result "0-1"]
[WhiteElo "2525"]
[BlackElo "2657"]
[PlyCount "96"]
[EventDate "2000.??.??"]

1. e4 e6 2. d4 d5 3. Nd2 c5 4. exd5 exd5 5. Ngf3 Nc6 6. Bb5 Bd6 7. O-O Nge7 8.
dxc5 Bxc5 9. Nb3 Bd6 10. Re1 O-O 11. Bg5 f6 12. Be3 Qc7 13. Bc5 Bxc5 14. Nxc5
Ne5 15. Na4 Bg4 16. Be2 Bxf3 17. Bxf3 Rad8 18. Bg4 d4 19. Be6+ Kh8 20. f4 b5
21. fxe5 fxe5 22. Qe2 bxa4 23. Qxe5 Qxc2 24. Re2 Qg6 25. Qc7 d3 26. Ree1 d2 27.
Qxe7 dxe1=R+ 28. Rxe1 Rde8 29. Qc5 Rf6 30. Rd1 Rfxe6 31. Rf1 Rf6 32. Rc1 Qf7
33. a3 Rf8 34. h4 Rf4 35. Qg5 h6 36. Qg3 Qf6 37. Qe3 Qxh4 38. Re1 R4f5 39. Rd1
Rh5 40. Qh3 Qf2+ 41. Kh2 Qf4+ 42. Kh1 Rxh3+ 43. gxh3 Qf3+ 44. Kh2 Qxd1 45. Kg2
Qf1+ 46. Kh2 Rf2+ 47. Kg3 Rf3+ 48. Kh4 Qxh3# {Hossa checkmated} 0-1

[Event "ICS Rated standard match"]
[Site "204.178.125.65"]
[Date "2000.08.23"]
[Round "?"]
[White "PostModernist"]
[Black "Hossa"]
[Result "0-1"]
[WhiteElo "2374"]
[BlackElo "2365"]
[PlyCount "94"]
[EventDate "2000.??.??"]

1. d4 e6 2. c4 f5 3. Nc3 Nf6 4. Nf3 Bb4 5. Qb3 Qe7 6. g3 Nc6 7. a3 Ba5 8. Bg5
h6 9. Bxf6 Qxf6 10. O-O-O O-O 11. Bg2 a6 12. h4 Rb8 13. d5 Ne5 14. Nd4 Ng4 15.
Rhf1 e5 16. Nc2 Qb6 17. Qxb6 Bxb6 18. f3 Ne3 19. Nxe3 Bxe3+ 20. Kc2 d6 21. h5
Bd7 22. Rde1 b5 23. cxb5 Bxb5 24. b3 Be8 25. g4 a5 26. Bh3 g6 27. hxg6 f4 28.
Ne4 Bxg6 29. a4 Rb4 30. Bg2 c6 31. Rd1 Rc8 32. dxc6 Rxc6+ 33. Kb2 Bd4+ 34. Rxd4
Rxd4 35. Ka3 Rc2 36. Re1 Bxe4 37. fxe4 Rdd2 38. Ra1 Rxe2 39. Bf1 Rf2 40. Bd3
Rb2 41. Bc4+ Kg7 42. Bd3 Kf6 43. Bb5 Kg5 44. Bc4 f3 45. Bd3 Kxg4 46. Ba6 Rfd2
47. Bc4 Kf4 0-1

[Event "ICS rated standard match"]
[Site "204.178.125.65"]
[Date "2000.08.23"]
[Round "?"]
[White "Hossa"]
[Black "PostModernist"]
[Result "0-1"]
[WhiteElo "2381"]
[BlackElo "2358"]
[PlyCount "94"]
[EventDate "2000.??.??"]

1. d4 Nf6 2. c4 g6 3. Nc3 d5 4. Bf4 Bg7 5. e3 O-O 6. cxd5 Nxd5 7. Nxd5 Qxd5 8.
Bxc7 Nc6 9. Ne2 e5 10. dxe5 Qb5 11. Qd2 Nxe5 12. Nf4 Qc6 13. Rc1 Qe4 14. Bb5
Be6 15. b3 g5 16. f3 Qf5 17. Nxe6 Qxe6 18. O-O Rac8 19. Be2 Rfe8 20. Rfe1 Nc6
21. Bc4 Qf5 22. Bd3 Qf6 23. Bg3 Qb2 24. Rc2 Qf6 25. Rc5 Bf8 26. Rb5 b6 27. Bf5
Bb4 28. Rxb4 Rcd8 29. Bxh7+ Kg7 30. Rd4 Nxd4 31. exd4 Rxe1+ 32. Qxe1 Kxh7 33.
Be5 Qf5 34. Qd1 Kg8 35. Bg3 Rc8 36. a3 Rc3 37. f4 gxf4 38. Be1 Rd3 39. Qc2 f3
40. g3 Qh3 41. g4 Rd1 42. Qc8+ Kg7 43. Kf2 Rd3 44. Qf8+ Kxf8 45. Bb4+ Ke8 46.
a4 Qg2+ 47. Ke1 Qg1# {Hossa checkmated} 0-1

[Event "ICS rated blitz match"]
[Site "204.178.125.65"]
[Date "2000.08.23"]
[Round "?"]
[White "PostModernist"]
[Black "Hossa"]
[Result "1-0"]
[WhiteElo "2684"]
[BlackElo "2515"]
[PlyCount "109"]
[EventDate "2000.??.??"]

1. d4 e6 2. Nf3 f5 3. Bg5 Be7 4. h4 Bxg5 5. Nxg5 Nf6 6. e3 O-O 7. Nd2 a6 8. Bd3
Nc6 9. Qe2 Nb4 10. a3 Nxd3+ 11. Qxd3 b6 12. O-O-O b5 13. e4 fxe4 14. Ndxe4 Qe7
15. Nxf6+ gxf6 16. Ne4 Kh8 17. Rhe1 Bb7 18. g4 Bc6 19. Nc5 Qd6 20. Qe3 Rg8 21.
Rg1 a5 22. f4 Qd5 23. g5 f5 24. h5 Rg7 25. h6 Rg6 26. Nd3 d6 27. Kb1 b4 28.
axb4 Qc4 29. bxa5 Rxa5 30. Nf2 Qa2+ 31. Kc1 Ra7 32. b3 Qa5 33. Rg3 Bd5 34. Qc3
Qa3+ 35. Kd2 Qa6 36. Re3 Qb6 37. Nd3 Ra5 38. Rde1 Ra8 39. Rxe6 Bxe6 40. d5+ Kg8
41. Rxe6 Qa5 42. Rxg6+ Kf8 43. b4 Qxd5 44. Qh8+ Ke7 45. Qxh7+ Kf8 46. Qg7+ Ke8
47. Rf6 Qg2+ 48. Kc3 Ra3+ 49. Kb2 Ra2+ 50. Kxa2 Qd5+ 51. Ka3 Qg8 52. Qxg8+ Kd7
53. Ne5+ dxe5 54. Qe6+ Kd8 55. Rf8# {Hossa checkmated} 1-0

[Event "ICS rated blitz match"]
[Site "204.178.125.65"]
[Date "2000.08.23"]
[Round "?"]
[White "Hossa"]
[Black "PostModernist"]
[Result "1-0"]
[WhiteElo "2506"]
[BlackElo "2693"]
[PlyCount "107"]
[EventDate "2000.??.??"]

1. d4 Nf6 2. c4 c5 3. d5 g6 4. Nc3 Bg7 5. Nf3 d6 6. e4 O-O 7. Be2 e6 8. O-O
exd5 9. cxd5 Re8 10. Nd2 Bd7 11. f3 Qe7 12. Qb3 Nh5 13. Qxb7 Bd4+ 14. Rf2 Qh4
15. Nd1 Ba4 16. b3 Nf4 17. Bf1 Qe7 18. Qxe7 Rxe7 19. Nc4 Nh5 20. Bb2 Bxf2+ 21.
Nxf2 Bb5 22. Nxd6 Bxf1 23. Rxf1 Na6 24. Nd3 Ng7 25. Rc1 Nb4 26. Nxc5 Nxa2 27.
Rc4 Ne8 28. Nxe8 Rexe8 29. d6 a5 30. Bf6 Nb4 31. Nb7 Re6 32. d7 Nc6 33. Nxa5
Rd6 34. Nxc6 Rxd7 35. Ne7+ Kf8 36. Nd5 h5 37. Rc1 Rb7 38. b4 Kg8 39. h4 Kh7 40.
Rb1 Rab8 41. Kf2 Kh6 42. Rb3 Kh7 43. Rb2 Rb5 44. f4 Rc8 45. Ra2 Rbb8 46. Ra7
Rc2+ 47. Kf3 Kg8 48. b5 Rc5 49. b6 g5 50. Be5 g4+ 51. Ke3 Rxd5 52. Bxb8 Rb5 53.
b7 Rb3+ 54. Kd2 1-0

[Event "ICS rated blitz match"]
[Site "204.178.125.65"]
[Date "2000.08.23"]
[Round "?"]
[White "MissSilicon"]
[Black "Hossa"]
[Result "1-0"]
[WhiteElo "2739"]
[BlackElo "2530"]
[PlyCount "141"]
[EventDate "2000.??.??"]

1. Nf3 Nf6 2. c4 b6 3. d4 e6 4. e3 Bb4+ 5. Bd2 Nc6 6. Bxb4 Nxb4 7. a3 Nc6 8.
Nc3 Bb7 9. Bd3 Ne7 10. O-O d6 11. Rc1 c5 12. e4 cxd4 13. Nxd4 O-O 14. f3 a6 15.
Qd2 Qc7 16. b4 Ng6 17. f4 Ne7 18. Rfd1 Rac8 19. f5 Nc6 20. Nd5 exd5 21. cxd5 b5
22. Nxc6 Rfe8 23. Na5 Qb6+ 24. Qf2 Qxf2+ 25. Kxf2 Ba8 26. Nc6 Rc7 27. Kf3 g5
28. Rc2 h5 29. Rdc1 h4 30. Nd4 Rxc2 31. Rxc2 g4+ 32. Kf4 Bb7 33. h3 gxh3 34.
gxh3 Kh7 35. Rc1 Rg8 36. Be2 Rg3 37. Bf3 Ne8 38. Nb3 Rg8 39. Na5 Ba8 40. Nc6
Bxc6 41. Rxc6 Rg1 42. Rxa6 Kg7 43. Ra8 Nc7 44. Rd8 Ra1 45. Bh5 Rf1+ 46. Kg5
Rg1+ 47. Bg4 Rf1 48. e5 Nxd5 49. exd6 Nf6 50. d7 Ra1 51. Rg8+ Nxg8 52. d8=Q f6+
53. Kh5 Kh8 54. Bf3 Rf1 55. Qd4 Rxf3 56. Qxh4 Ne7 57. Qxf6+ Kg8 58. Qxe7 Rxh3+
59. Kg5 Rg3+ 60. Kh6 Rh3+ 61. Kg6 Rg3+ 62. Kf6 Kh8 63. Qd8+ Rg8 64. Qd6 Rg4 65.
Qf8+ Kh7 66. Qe7+ Kh6 67. Qe3+ Kh7 68. Qh3+ Kg8 69. Qxg4+ Kf8 70. Qg7+ Ke8 71.
Qe7# {Hossa checkmated} 1-0

[Event "ICS rated blitz match"]
[Site "204.178.125.65"]
[Date "2000.08.24"]
[Round "?"]
[White "Hossa"]
[Black "PostModernist"]
[Result "0-1"]
[WhiteElo "2523"]
[BlackElo "2672"]
[PlyCount "154"]
[EventDate "2000.??.??"]

1. Nf3 Nf6 2. c4 c6 3. d3 d5 4. cxd5 cxd5 5. e3 e6 6. d4 Bd6 7. Nc3 Be7 8. Bd3
O-O 9. O-O Nbd7 10. Bd2 b6 11. Rc1 Bb7 12. Qc2 Rc8 13. Qa4 a5 14. Bb5 Bd6 15.
Rc2 Qe7 16. Rfc1 Nb8 17. Qb3 Ng4 18. Na4 Rxc2 19. Rxc2 Bc7 20. Bd3 Nc6 21. h3
Nf6 22. Nxb6 Rb8 23. Ne5 Qd6 24. Bc3 Ba8 25. Nxa8 Rxb3 26. Nxc6 Qxc6 27. Nxc7
Rb8 28. Bxa5 Qa4 29. Na6 Ra8 30. b4 Qa3 31. Nc5 h5 32. Kf1 g5 33. g3 g4 34. h4
Kf8 35. Nb3 Ne4 36. Bxe4 dxe4 37. Kg1 Qa4 38. Rd2 Qb5 39. Rb2 Kg7 40. Rc2 Qd3
41. Rc1 Qe2 42. Ra1 Qb2 43. Re1 Qxa2 44. Nc5 Qc2 45. Rf1 Kg6 46. Ra1 Ra7 47.
Rf1 Kf5 48. Kg2 e5 49. Bb6 Ra2 50. dxe5 Kxe5 51. Nb7 Kd5 52. Bc5 Qe2 53. Bd4
Kc6 54. Nc5 Kb5 55. Kg1 Qf3 56. Be5 Kxb4 57. Nd7 Qf5 58. Rb1+ Kc4 59. Rc1+ Kd3
60. Nc5+ Ke2 61. Bf4 Qd5 62. f3 exf3 63. Rf1 Ra5 64. Rf2+ Kd1 65. Rf1+ Kc2 66.
Rf2+ Kb1 67. Rf1+ Ka2 68. Rf2+ Ka3 69. Nb7 Qxb7 70. Rf1 Qd5 71. Kh1 Qd3 72. Kg1
Kb3 73. e4 Qe2 74. Rb1+ Ka2 75. Rb2+ Kxb2 76. Be5+ Rxe5 77. Kh1 Qg2# {
Hossa checkmated} 0-1

[Event "ICS rated standard match"]
[Site "204.178.125.65"]
[Date "2000.08.24"]
[Round "?"]
[White "PostModernist"]
[Black "Hossa"]
[Result "1/2-1/2"]
[WhiteElo "2375"]
[BlackElo "2364"]
[PlyCount "301"]
[EventDate "2000.??.??"]

1. d4 Nf6 2. c4 e6 3. Nf3 b6 4. a3 Bb7 5. Nc3 d5 6. cxd5 Nxd5 7. e3 Be7 8. Bb5+
c6 9. Bd3 O-O 10. Qc2 Nf6 11. e4 Ba6 12. O-O Bxd3 13. Qxd3 c5 14. Be3 cxd4 15.
Bxd4 Nc6 16. Rfd1 Nxd4 17. Nxd4 Qc7 18. Rac1 Ng4 19. g3 Bc5 20. Ncb5 Qe5 21. f3
Nf6 22. b4 Bxd4+ 23. Nxd4 Rad8 24. Qb5 Qb8 25. Qe2 Qb7 26. Nc6 Rxd1+ 27. Qxd1
Re8 28. Qd4 Qa6 29. Rc3 Qe2 30. Nxa7 e5 31. Qd3 Qe1+ 32. Kg2 Qa1 33. Rc6 Qa2+
34. Rc2 Qe6 35. a4 Ra8 36. Qa6 Ne8 37. Qb7 Rd8 38. Nc6 Qb3 39. Rf2 Rd1 40. Qb8
Kf8 41. a5 bxa5 42. Qxe5 Qe6 43. Qxe6 fxe6 44. bxa5 Rc1 45. Nd8 Nc7 46. Rd2 Ke7
47. Nb7 g5 48. f4 g4 49. h3 h5 50. f5 exf5 51. exf5 Kf6 52. Nd6 Ra1 53. hxg4
hxg4 54. Rc2 Nd5 55. Rc5 Ke5 56. Nb5 Rxa5 57. f6 Ra2+ 58. Kg1 Ra1+ 59. Kf2 Ra2+
60. Ke1 Ra1+ 61. Ke2 Ra2+ 62. Kd1 Rf2 63. Nc7 Kd6 64. Rxd5+ Kxc7 65. Rd4 Rxf6
66. Rxg4 Rf1+ 67. Ke2 Rg1 68. Kf2 Rd1 69. Re4 Kd6 70. g4 Rd3 71. g5 Kd5 72. Re7
Kd6 73. Re8 Kd7 74. Re5 Kd6 75. Re1 Kd7 76. g6 Rc3 77. Re5 Kd6 78. Re8 Rc7 79.
Rg8 Rc2+ 80. Kf3 Ke7 81. Rb8 Rc3+ 82. Kf4 Kf6 83. Rb6+ Kg7 84. Rd6 Rc4+ 85. Kg5
Rc5+ 86. Kf4 Rc4+ 87. Kf5 Rc5+ 88. Kg4 Rc4+ 89. Kh5 Rc5+ 90. Kh4 Rc4+ 91. Kh3
Rc3+ 92. Kg4 Rc4+ 93. Kf3 Rc3+ 94. Ke4 Kg8 95. Rd7 Rc4+ 96. Kf5 Rc5+ 97. Kf6
Rc6+ 98. Kg5 Rc5+ 99. Kh6 Rc8 100. Rd1 Re8 101. Rd6 Rf8 102. Rc6 Re8 103. g7
Rd8 104. Rb6 Re8 105. Rf6 Rd8 106. Rc6 Rb8 107. Re6 Rc8 108. Ra6 Rd8 109. Rf6
Re8 110. Rb6 Rd8 111. Ra6 Re8 112. Ra7 Re6+ 113. Kg5 Re5+ 114. Kf6 Re8 115. Kg6
Re6+ 116. Kg5 Re5+ 117. Kg4 Re4+ 118. Kf5 Rh4 119. Rb7 Rh5+ 120. Kf6 Rh6+ 121.
Kf5 Rh5+ 122. Ke6 Rh4 123. Kf6 Rh6+ 124. Ke5 Rh5+ 125. Kf4 Rh4+ 126. Kf3 Rh3+
127. Kf2 Rh2+ 128. Kf3 Rh3+ 129. Ke4 Rg3 130. Rb8+ Kxg7 131. Rb7+ Kh6 132. Rb8
Kh7 133. Rb5 Kh8 134. Rb7 Kg8 135. Rc7 Kf8 136. Kf5 Kg8 137. Kf4 Rh3 138. Rc8+
Kh7 139. Kf5 Kg7 140. Rc7+ Kh6 141. Rc8 Kh7 142. Kf4 Kg7 143. Rc7+ Kh6 144. Rc8
Kh7 145. Rc7+ Kh8 146. Rc8+ Kg7 147. Rc7+ Kh6 148. Rc8 Kh7 149. Rc7+ Kh8 150.
Rc8+ Kg7 151. Rc7+ 1/2-1/2

[Event "ICS rated bullet match"]
[Site "204.178.125.65"]
[Date "2000.08.24"]
[Round "?"]
[White "Hossa"]
[Black "PostModernist"]
[Result "0-1"]
[WhiteElo "2507"]
[BlackElo "2473"]
[PlyCount "160"]
[EventDate "2000.??.??"]

1. d4 Nf6 2. Nf3 g6 3. Nc3 d5 4. Bf4 Bg7 5. e3 O-O 6. Be2 c5 7. dxc5 Nbd7 8.
Nb5 Nxc5 9. Nc7 Rb8 10. Nxd5 Nxd5 11. Bxb8 Bxb2 12. Rb1 Na4 13. Rxb2 Nxb2 14.
Qd2 Be6 15. Bxa7 Qc7 16. Bd4 Nc4 17. Qc1 Ra8 18. O-O Rxa2 19. Qb1 Ra5 20. Rc1
Ndb6 21. Rd1 f6 22. Qb4 Ra2 23. Rb1 Na4 24. Qb3 Ra3 25. Bxc4 Rxb3 26. Bxe6+ Kg7
27. cxb3 Qc2 28. Ra1 Nc3 29. Bxc3 Qxc3 30. Re1 b5 31. Rf1 h5 32. Nd4 Qd3 33.
Ra1 h4 34. h3 f5 35. Bd7 b4 36. Be6 f4 37. Bc4 Qc3 38. Ne6+ Kh6 39. Rf1 fxe3
40. fxe3 Qxe3+ 41. Kh1 g5 42. Nd8 Kh5 43. Nf7 Qe4 44. Rd1 Qe3 45. Nd8 e5 46.
Nc6 Qc3 47. Ne7 Qc2 48. Re1 Qd2 49. Re4 Qc2 50. Bf7+ Kh6 51. Bd5 Qc5 52. Nf5+
Kg6 53. Ne3 Qc1+ 54. Kh2 Qc3 55. Ng4 Qd2 56. Be6 Kg7 57. Nxe5 Qc2 58. Rd4 Kf6
59. Nf7 Kxe6 60. Nxg5+ Kf5 61. Nf3 Qxb3 62. Rxh4 Qc3 63. Rd4 b3 64. g4+ Kf6 65.
Rf4+ Kg7 66. Nd4 b2 67. Ne6+ Kh6 68. g5+ Kg6 69. Rf1 Qd2+ 70. Kg3 Qe3+ 71. Kh2
Qe2+ 72. Kg1 Qxe6 73. Rb1 Qe3+ 74. Kh2 Qf2+ 75. Kh1 Kxg5 76. h4+ Kxh4 77. Rd1
Qf3+ 78. Kg1 Kg3 79. Rd2 b1=Q+ 80. Rd1 Qbxd1# {Hossa checkmated} 0-1

[Event "ICS rated blitz match"]
[Site "204.178.125.65"]
[Date "2000.08.24"]
[Round "?"]
[White "PostModernist"]
[Black "Hossa"]
[Result "1-0"]
[WhiteElo "2688"]
[BlackElo "2513"]
[PlyCount "97"]
[EventDate "2000.??.??"]

1. d4 Nf6 2. c4 e6 3. Nf3 b6 4. Nc3 Bb4 5. Bg5 Bb7 6. e3 h6 7. Bh4 g5 8. Bg3
Ne4 9. Qc2 h5 10. Bd3 Nxg3 11. hxg3 g4 12. Nh4 Bxc3+ 13. Qxc3 Qf6 14. e4 d6 15.
e5 dxe5 16. dxe5 Qg5 17. c5 bxc5 18. Qxc5 Nd7 19. Qxc7 Qxe5+ 20. Qxe5 Nxe5 21.
Bb5+ Ke7 22. O-O Rhd8 23. Rfe1 Rd5 24. a4 a6 25. Be2 Nc6 26. Ra3 Rd2 27. Rb3
Ra7 28. Bd3 Kf6 29. Bf1 Kg7 30. Rc1 Nd4 31. Rd3 Ne2+ 32. Bxe2 Rxe2 33. Rd7 Rxb2
34. Rcc7 Rb1+ 35. Kh2 Kf6 36. Rxf7+ Kg5 37. f4+ gxf3 38. gxf3 Rb2+ 39. Kh3 Bxf3
40. Nxf3+ Kg6 41. Rxa7 Rb4 42. Ne5+ Kg5 43. Ra8 Rg4 44. Rg8+ Kh6 45. Nxg4+
hxg4+ 46. Kxg4 a5 47. Kf4 e5+ 48. Kxe5 Kh5 49. Rh7# {Hossa checkmated} 1-0